000 00285nam a22001337a 4500
008 181217b xxu||||| |||| 00| 0 eng d
020 _a9780071313698
041 _aeng
080 _210th
_a338
100 _a53
101 _aMEN
245 _aSupervision
_cRue,L.W
942 _2udc
_cBK
999 _c53234
_d53234